[Event "DEM U14 2017"]
[Site "Willingen GER"]
[Date "2017.06.10"]
[Round "9"]
[White "Wu, Leon"]
[Black "Lieberwirth, Kasimir"]
[Result "0-1"]
[Termination "normal"]
[Board "9"]
[WhiteElo "1957"]
[BlackElo "2009"]
[WhiteClock "00:02:03"]
[BlackClock "00:12:55"]
[PlyCount "80"]
[WhiteFideId "12977438"]
[BlackFideId "12988146"]
[EventCountry "GER"]
[EventRounds "9"]
[EventType "swiss"]
[EventDate "2017.06.03"]

1. e4 {[%clk 1:30:53]} 1... c5 {[%clk 1:30:52]} 2. Nf3 {[%clk 1:31:10]} 2... d6
{[%clk 1:31:12]} 3. d4 {[%clk 1:31:28]} 3... cxd4 {[%clk 1:31:34]} 4. Nxd4 {
[%clk 1:31:53]} 4... Nf6 {[%clk 1:31:57]} 5. Nc3 {[%clk 1:32:07]} 5... a6 {
[%clk 1:32:21]} 6. Bg5 {[%clk 1:32:00]} 6... e6 {[%clk 1:32:43]} 7. f4 { [%clk
1:32:21]} 7... Be7 {[%clk 1:33:04]} 8. Qf3 {[%clk 1:32:36]} 8... Qc7 { [%clk
1:33:17]} 9. O-O-O {[%clk 1:32:48]} 9... Nbd7 {[%clk 1:33:28]} 10. g4 { [%clk
1:32:43]} 10... h6 {[%clk 1:33:46]} 11. Bxf6 {[%clk 1:32:58]} 11... Bxf6 {[%clk
1:34:03]} 12. h4 {[%clk 1:32:37]} 12... Qb6 {[%clk 1:34:24]} 13. Nb3 { [%clk
1:32:44]} 13... Qc7 {[%clk 1:34:43]} 14. Nd4 {[%clk 1:32:11]} 14... Qb6 { [%clk
1:34:52]} 15. Nde2 {[%clk 1:31:57]} 15... Be7 {[%clk 1:33:28]} 16. g5 { [%clk
1:31:23]} 16... Nc5 {[%clk 1:32:07]} 17. Kb1 {[%clk 1:30:53]} 17... Bd7 { [%clk
1:31:12]} 18. f5 {[%clk 1:27:38]} 18... O-O-O {[%clk 1:25:30]} 19. g6 { [%clk
1:23:55]} 19... Rhf8 {[%clk 1:23:14]} 20. Qg3 {[%clk 1:18:19]} 20... Qc7 {[%clk
1:09:46]} 21. Bh3 {[%clk 1:14:17]} 21... Kb8 {[%clk 0:57:12]} 22. Nf4 { [%clk
0:49:46]} 22... Rc8 {[%clk 0:53:54]} 23. Rd2 {[%clk 0:28:45]} 23... b5 { [%clk
0:46:07]} 24. Bg2 {[%clk 0:22:44]} 24... Bf6 {[%clk 0:39:48]} 25. gxf7 { [%clk
0:19:44]} 25... Be5 {[%clk 0:36:37]} 26. fxe6 Nxe6 27. Nxe6 { [%clk 0:18:13]}
27... Bxe6 {[%clk 0:34:50]} 28. Qd3 {[%clk 0:15:55]} 28... Bc4 {[%clk 0:28:28]}
29. Qh3 {[%clk 0:15:18]} 29... Qa5 {[%clk 0:27:26]} 30. b3 { [%clk 0:07:01]}
30... Be6 {[%clk 0:22:26]} 31. Qe3 31... Rxc3 {[%clk 0:21:07]} 32. Qg1 {[%clk
0:05:21]} 32... Rc5 {[%clk 0:17:29]} 33. Rd3 {[%clk 0:05:19]} 33... Qa3 {[%clk
0:16:41]} 34. c3 {[%clk 0:03:14]} 34... b4 {[%clk 0:16:09]} 35. Rxd6 {[%clk
0:02:05]} 35... bxc3 {[%clk 0:12:51]} 36. Rb6+ {[%clk 0:01:46]} 36... Kc7
{[%clk 0:12:54]} 37. Qf2 {[%clk 0:01:14]} 37... Kxb6 {[%clk 0:12:37]} 38. Qxc5+
{[%clk 0:01:16]} 38... Kxc5 {[%clk 0:12:39]} 39. Kc2 {[%clk 0:01:41]} 39...
Qb2+ {[%clk 0:12:35]} 40. Kd3 {[%clk 0:02:03]} 40... Qd2# {[%clk 0:12:55] } 0-1

[Event "DEM U14 2017"]
[Site "Willingen GER"]
[Date "2017.06.10"]
[Round "9"]
[White "Biermann, Florian"]
[Black "Henning, Marvin"]
[Result "1/2-1/2"]
[Termination "normal"]
[Board "10"]
[WhiteElo "1853"]
[BlackElo "1946"]
[WhiteClock "00:07:13"]
[BlackClock "00:06:56"]
[PlyCount "79"]
[WhiteFideId "12970069"]
[BlackFideId "12957399"]
[EventCountry "GER"]
[EventRounds "9"]
[EventType "swiss"]
[EventDate "2017.06.03"]

1. c4 {[%clk 1:30:58]} 1... e5 {[%clk 1:30:50]} 2. g3 {[%clk 1:31:21]} 2... g6
{[%clk 1:31:06]} 3. Bg2 {[%clk 1:31:39]} 3... Bg7 {[%clk 1:31:32]} 4. Nc3 {
[%clk 1:32:05]} 4... d6 {[%clk 1:31:41]} 5. d3 {[%clk 1:31:21]} 5... f5 { [%clk
1:31:49]} 6. e3 {[%clk 1:30:52]} 6... Nf6 {[%clk 1:32:07]} 7. Nge2 { [%clk
1:31:10]} 7... O-O {[%clk 1:32:14]} 8. O-O {[%clk 1:30:59]} 8... c6 { [%clk
1:31:44]} 9. b3 {[%clk 1:27:02]} 9... Be6 {[%clk 1:26:50]} 10. Ba3 { [%clk
1:25:03]} 10... Re8 {[%clk 1:25:40]} 11. Qd2 {[%clk 1:17:06]} 11... d5 { [%clk
1:09:15]} 12. cxd5 {[%clk 1:13:35]} 12... cxd5 {[%clk 1:09:15]} 13. d4 { [%clk
1:13:43]} 13... e4 {[%clk 1:04:10]} 14. Rfc1 {[%clk 1:12:28]} 14... Nc6 { [%clk
0:59:23]} 15. Na4 {[%clk 1:07:54]} 15... Nd7 {[%clk 0:55:14]} 16. Rc2 { [%clk
1:03:40]} 16... Rc8 {[%clk 0:50:42]} 17. Rac1 {[%clk 1:03:16]} 17... g5 { [%clk
0:44:18]} 18. Nc5 {[%clk 1:02:22]} 18... Nxc5 {[%clk 0:44:20]} 19. dxc5 { [%clk
0:55:48]} 19... Ne5 {[%clk 0:38:22]} 20. Rd1 {[%clk 0:53:57]} 20... Qd7 { [%clk
0:34:35]} 21. Nd4 {[%clk 0:48:13]} 21... Bf7 {[%clk 0:34:33]} 22. Bf1 { [%clk
0:44:53]} 22... a6 {[%clk 0:30:51]} 23. Bb2 {[%clk 0:39:37]} 23... Bh5 { [%clk
0:24:01]} 24. Rdc1 {[%clk 0:30:23]} 24... Nc6 {[%clk 0:23:46]} 25. b4 { [%clk
0:28:38]} 25... Nxd4 {[%clk 0:18:54]} 26. Bxd4 {[%clk 0:29:02]} 26... Re7
{[%clk 0:17:42]} 27. Bxg7 {[%clk 0:27:10]} 27... Rxg7 {[%clk 0:18:05]} 28. Qd4
{[%clk 0:27:21]} 28... Bf7 {[%clk 0:16:06]} 29. Bc4 {[%clk 0:27:11]} 29... Qe6
{[%clk 0:15:04]} 30. Bb3 {[%clk 0:26:50]} 30... f4 {[%clk 0:15:25]} 31. Qd1 {
[%clk 0:20:11]} 31... f3 {[%clk 0:12:33]} 32. Rd2 {[%clk 0:19:31]} 32... Rd8 {
[%clk 0:12:37]} 33. Rd4 {[%clk 0:18:57]} 33... g4 {[%clk 0:12:23]} 34. Rc2 {
[%clk 0:13:57]} 34... Rg5 {[%clk 0:12:33]} 35. Rcd2 {[%clk 0:12:23]} 35... Rh5
{[%clk 0:10:19]} 36. h4 {[%clk 0:12:22]} 36... gxh3 {[%clk 0:10:34]} 37. Kh2 {
[%clk 0:12:41]} 37... Rg5 {[%clk 0:10:35]} 38. Bc2 {[%clk 0:10:54]} 38... Re8 {
[%clk 0:06:33]} 39. Bb3 {[%clk 0:08:39]} 39... Rd8 {[%clk 0:06:56]} 40. Qc2 {
[%clk 0:07:13]} 1/2-1/2

[Event "DEM U14 2017"]
[Site "Willingen GER"]
[Date "2017.06.10"]
[Round "9"]
[White "Weishäutel, Moritz"]
[Black "Dietz, Florian"]
[Result "0-1"]
[Termination "normal"]
[Board "11"]
[WhiteElo "2102"]
[BlackElo "1913"]
[WhiteClock "00:04:21"]
[BlackClock "00:02:42"]
[PlyCount "84"]
[WhiteFideId "12967300"]
[BlackFideId "12939897"]
[EventCountry "GER"]
[EventRounds "9"]
[EventType "swiss"]
[EventDate "2017.06.03"]

1. e4 {[%clk 1:30:57]} 1... c5 {[%clk 1:30:49]} 2. Nc3 {[%clk 1:31:21]} 2...
Nc6 {[%clk 1:30:50]} 3. Nge2 {[%clk 1:31:47]} 3... g6 {[%clk 1:30:26]} 4. g3 {
[%clk 1:32:07]} 4... Bg7 {[%clk 1:30:28]} 5. Bg2 {[%clk 1:32:27]} 5... e6 {
[%clk 1:30:31]} 6. d3 {[%clk 1:32:49]} 6... Nge7 {[%clk 1:30:25]} 7. h4 { [%clk
1:33:13]} 7... d5 {[%clk 1:27:00]} 8. h5 {[%clk 1:26:48]} 8... d4 { [%clk
1:24:08]} 9. Nb1 {[%clk 1:26:00]} 9... e5 {[%clk 1:22:52]} 10. Nd2 { [%clk
1:20:07]} 10... Be6 {[%clk 1:21:02]} 11. Nf3 {[%clk 1:15:55]} 11... h6 { [%clk
1:18:29]} 12. hxg6 {[%clk 1:15:07]} 12... fxg6 {[%clk 1:18:53]} 13. Bh3 { [%clk
1:08:04]} 13... Qd7 {[%clk 1:16:13]} 14. Bxe6 {[%clk 1:08:16]} 14... Qxe6
{[%clk 1:16:36]} 15. b3 {[%clk 1:05:59]} 15... O-O-O {[%clk 1:14:39]} 16. Ba3 {
[%clk 1:02:38]} 16... b6 {[%clk 1:06:14]} 17. Qd2 {[%clk 0:59:34]} 17... Rdf8 {
[%clk 1:02:27]} 18. Nfg1 {[%clk 0:58:22]} 18... h5 {[%clk 0:51:16]} 19. Nh3 {
[%clk 0:54:42]} 19... h4 {[%clk 0:44:20]} 20. gxh4 {[%clk 0:42:17]} 20... Rxh4
{[%clk 0:44:20]} 21. Neg1 {[%clk 0:42:18]} 21... Qg4 {[%clk 0:41:25]} 22. f3 {
[%clk 0:40:43]} 22... Qh5 {[%clk 0:39:21]} 23. Qg2 {[%clk 0:35:20]} 23... Rh8 {
[%clk 0:37:42]} 24. O-O-O {[%clk 0:25:56]} 24... Bh6+ {[%clk 0:37:11]} 25. f4 {
[%clk 0:24:59]} 25... Bxf4+ {[%clk 0:34:32]} 26. Nxf4 {[%clk 0:25:23]} 26...
exf4 {[%clk 0:34:52]} 27. Rxh4 {[%clk 0:25:49]} 27... Qxh4 {[%clk 0:35:13]} 28.
Nf3 {[%clk 0:25:21]} 28... Qh3 {[%clk 0:34:38]} 29. Qf2 {[%clk 0:25:43]} 29...
Rg8 {[%clk 0:25:08]} 30. Rg1 {[%clk 0:22:50]} 30... Kb7 {[%clk 0:23:50]} 31.
Kb1 {[%clk 0:22:15]} 31... Qe6 {[%clk 0:18:58]} 32. Bc1 {[%clk 0:21:40]} 32...
Qd6 {[%clk 0:16:55]} 33. Rg4 {[%clk 0:19:52]} 33... Rf8 {[%clk 0:16:38]} 34.
Qh2 {[%clk 0:18:27]} 34... Ne5 {[%clk 0:13:34]} 35. Nxe5 {[%clk 0:18:33]} 35...
Qxe5 {[%clk 0:13:57]} 36. Bxf4 {[%clk 0:16:04]} 36... Qh5 {[%clk 0:12:54]} 37.
Qg3 {[%clk 0:14:35]} 37... Nc6 {[%clk 0:05:41]} 38. Kb2 {[%clk 0:13:25]} 38...
Rg8 {[%clk 0:05:32]} 39. Rg5 {[%clk 0:13:31]} 39... Qe2 {[%clk 0:04:42]} 40.
Rxg6 {[%clk 0:05:32]} 40... Nb4 {[%clk 0:03:44]} 41. Rg7+ {[%clk 0:05:00]}
41... Ka6 {[%clk 0:03:20]} 42. Bd2 {[%clk 0:04:21]} 42... Qxd2 {[%clk 0:02:42]}
0-1

[Event "DEM U14 2017"]
[Site "Willingen GER"]
[Date "2017.06.10"]
[Round "9"]
[White "Post, Hugo"]
[Black "Wagner, Benjamin"]
[Result "1/2-1/2"]
[Termination "normal"]
[Board "12"]
[WhiteElo "2019"]
[BlackElo "1991"]
[WhiteClock "00:16:59"]
[BlackClock "00:17:25"]
[PlyCount "113"]
[WhiteFideId "12962490"]
[BlackFideId "12957330"]
[EventCountry "GER"]
[EventRounds "9"]
[EventType "swiss"]
[EventDate "2017.06.03"]

1. e4 {[%clk 1:30:38]} 1... e5 {[%clk 1:30:59]} 2. Nf3 {[%clk 1:30:51]} 2...
Nc6 {[%clk 1:31:28]} 3. Bc4 {[%clk 1:30:56]} 3... Bc5 {[%clk 1:31:56]} 4. c3 {
[%clk 1:31:20]} 4... Nf6 {[%clk 1:32:23]} 5. d3 {[%clk 1:31:38]} 5... a6 {
[%clk 1:32:09]} 6. O-O {[%clk 1:31:27]} 6... d6 {[%clk 1:32:07]} 7. a4 { [%clk
1:30:55]} 7... Ba7 {[%clk 1:32:14]} 8. Nbd2 {[%clk 1:30:19]} 8... O-O { [%clk
1:31:53]} 9. h3 {[%clk 1:30:05]} 9... Ne7 {[%clk 1:31:09]} 10. Re1 { [%clk
1:29:06]} 10... Ng6 {[%clk 1:30:52]} 11. Nf1 {[%clk 1:28:54]} 11... Be6 { [%clk
1:14:13]} 12. Bxe6 {[%clk 1:27:50]} 12... fxe6 {[%clk 1:14:35]} 13. Ng3 { [%clk
1:27:37]} 13... Nd7 {[%clk 1:07:53]} 14. Be3 {[%clk 1:25:56]} 14... Bxe3 {[%clk
1:02:46]} 15. fxe3 {[%clk 1:21:08]} 15... Nh4 {[%clk 1:01:16]} 16. Rf1 { [%clk
1:15:43]} 16... Nxf3+ {[%clk 1:00:14]} 17. Rxf3 {[%clk 1:16:02]} 17... Rxf3
{[%clk 1:00:06]} 18. Qxf3 {[%clk 1:16:06]} 18... Qh4 {[%clk 0:59:36]} 19. Kh2
{[%clk 1:15:02]} 19... Rf8 {[%clk 0:58:57]} 20. Qe2 {[%clk 1:13:47]} 20... Nf6
{[%clk 0:47:48]} 21. Rf1 {[%clk 1:11:53]} 21... g6 {[%clk 0:43:12]} 22. Nh1
{[%clk 0:58:48]} 22... Nd7 {[%clk 0:38:58]} 23. Rxf8+ {[%clk 0:58:45]} 23...
Kxf8 {[%clk 0:38:41]} 24. Nf2 {[%clk 0:57:12]} 24... Nc5 {[%clk 0:37:10]} 25.
Qc2 {[%clk 0:49:07]} 25... Kg7 {[%clk 0:29:40]} 26. a5 {[%clk 0:46:48]} 26...
Qe7 {[%clk 0:26:16]} 27. d4 {[%clk 0:28:47]} 27... Nd7 {[%clk 0:24:40]} 28. Qb3
{[%clk 0:28:51]} 28... exd4 {[%clk 0:22:50]} 29. cxd4 {[%clk 0:28:06]} 29... b5
{[%clk 0:21:43]} 30. Qc3 {[%clk 0:27:31]} 30... Nb8 {[%clk 0:17:31]} 31. d5+ {
[%clk 0:24:59]} 31... e5 {[%clk 0:16:22]} 32. Nd3 {[%clk 0:23:34]} 32... Qd7 {
[%clk 0:13:25]} 33. Nb4 {[%clk 0:18:08]} 33... h6 {[%clk 0:13:37]} 34. Nd3 {
[%clk 0:15:23]} 34... Kh7 {[%clk 0:13:19]} 35. Nb4 {[%clk 0:14:34]} 35... Kg8 {
[%clk 0:13:06]} 36. b3 {[%clk 0:14:02]} 36... Kh7 {[%clk 0:11:46]} 37. Qc1 {
[%clk 0:13:47]} 37... Kg7 {[%clk 0:11:48]} 38. g3 {[%clk 0:13:38]} 38... Qf7 {
[%clk 0:10:16]} 39. Kg2 {[%clk 0:13:50]} 39... Qd7 {[%clk 0:10:32]} 40. Qc2 {
[%clk 0:11:28]} 40... Kg8 {[%clk 0:09:56]} 41. Kh2 {[%clk 0:11:04]} 41... Qf7 {
[%clk 0:10:01]} 42. Kg2 {[%clk 0:11:03]} 42... Qd7 {[%clk 0:10:20]} 43. g4 {
[%clk 0:11:22]} 43... Kg7 {[%clk 0:10:01]} 44. Qc3 {[%clk 0:11:03]} 44... Kg8 {
[%clk 0:09:38]} 45. Qc1 {[%clk 0:06:17]} 45... Kg7 {[%clk 0:09:26]} 46. Qc2 {
[%clk 0:03:53]} 46... Kg8 {[%clk 0:09:05]} 47. Qf2 {[%clk 0:00:34]} 47... Kg7 {
[%clk 0:09:14]} 48. Kg3 {[%clk 0:28:52]} 48... Qf7 {[%clk 0:36:36]} 49. Qe2 {
[%clk 0:26:38]} 49... Qd7 {[%clk 0:35:04]} 50. h4 {[%clk 0:24:40]} 50... Qc8 {
[%clk 0:30:36]} 51. h5 {[%clk 0:23:28]} 51... g5 {[%clk 0:29:04]} 52. Qf3 {
[%clk 0:21:29]} 52... Qf8 {[%clk 0:26:38]} 53. Qf5 {[%clk 0:21:47]} 53... Qxf5
{[%clk 0:26:20]} 54. exf5 {[%clk 0:22:11]} 54... Kf7 {[%clk 0:20:44]} 55. Kf3 {
[%clk 0:21:11]} 55... Kg7 {[%clk 0:19:02]} 56. f6+ {[%clk 0:18:38]} 56... Kf7 {
[%clk 0:17:25]} 57. Ke4 {[%clk 0:16:59]} 1/2-1/2

[Event "DEM U14 2017"]
[Site "Willingen GER"]
[Date "2017.06.10"]
[Round "9"]
[White "Dahl, Christoph"]
[Black "Longo, Massimo"]
[Result "1-0"]
[Termination "normal"]
[Board "14"]
[WhiteElo "1801"]
[BlackElo "1912"]
[PlyCount "69"]
[WhiteFideId "16240235"]
[BlackFideId "16205227"]
[EventCountry "GER"]
[EventRounds "9"]
[EventType "swiss"]
[EventDate "2017.06.03"]

1. e4 e6 2. d4 d5 3. Nc3 Nf6 4. e5 Nfd7 5. f4 c5 6. Nf3 Nc6 7. Be3 a6 8. Qd2 b5
9. dxc5 Bxc5 10. Bd3 Qb6 11. Bf2 O-O 12. O-O Bxf2+ 13. Qxf2 Qxf2+ 14. Rxf2 Nc5
15. Ne2 b4 16. Ned4 Nxd4 17. Nxd4 a5 18. Kf1 Ba6 19. Ke2 Na4 20. Rb1 Rfd8 21.
Nc6 Rd7 22. Bxa6 Rxa6 23. Nb8 Raa7 24. Nxd7 Rxd7 25. Rf3 Rc7 26. Kd2 Nc5 27. a3
Ne4+ 28. Kc1 Nc5 29. axb4 axb4 30. Ra1 f6 31. Ra5 b3 32. Rc3 Nd3+ 33. cxd3 d4
34. Rxc7 fxe5 35. Ra8# 1-0

[Event "DEM U14 2017"]
[Site "Willingen GER"]
[Date "2017.06.10"]
[Round "9"]
[White "Burian, Simon"]
[Black "Merk, Daniel"]
[Result "1/2-1/2"]
[Termination "normal"]
[Board "15"]
[WhiteElo "1934"]
[BlackElo "1900"]
[PlyCount "63"]
[WhiteFideId "12956902"]
[BlackFideId "12938386"]
[EventCountry "GER"]
[EventRounds "9"]
[EventType "swiss"]
[EventDate "2017.06.03"]

1. d4 d5 2. Nf3 Nf6 3. c4 c6 4. Qc2 g6 5. g3 Bg7 6. Bg2 O-O 7. O-O Bf5 8. Qb3
Qb6 9. c5 Qa6 10. Nc3 Nbd7 11. Bf4 Nh5 12. Rad1 Nxf4 13. gxf4 e6 14. Ne5 Nxe5
15. fxe5 Rab8 16. e4 dxe4 17. Bxe4 b6 18. Bxf5 bxc5 19. Bd3 Rxb3 20. Bxa6 Rb6
21. Bc4 cxd4 22. Rxd4 Bxe5 23. Re4 Bg7 24. Na4 Rbb8 25. b3 Rfd8 26. Re2 Rd4 27.
Rc1 Rbd8 28. Kg2 Rg4+ 29. Kh3 Rdd4 30. f3 Rh4+ 31. Kg3 Bf8 32. h3 1/2-1/2

[Event "DEM U14 2017"]
[Site "Willingen GER"]
[Date "2017.06.10"]
[Round "9"]
[White "Pahl, Erik"]
[Black "Kölle, Tobias"]
[Result "1-0"]
[Termination "normal"]
[Board "16"]
[WhiteElo "1775"]
[BlackElo "2069"]
[PlyCount "112"]
[WhiteFideId "16201272"]
[BlackFideId "16207378"]
[EventCountry "GER"]
[EventRounds "9"]
[EventType "swiss"]
[EventDate "2017.06.03"]

1. e4 e5 2. Nc3 Nf6 3. g3 c6 4. Nge2 d5 5. exd5 cxd5 6. d4 e4 7. Bg2 Be7 8. O-O
Nc6 9. f3 exf3 10. Bxf3 O-O 11. Bg5 Ne4 12. Bxe7 Nxc3 13. Bxd8 Nxd1 14. Raxd1
Rxd8 15. Nf4 Ne7 16. Rfe1 Kf8 17. Re5 f6 18. Re2 g5 19. Nd3 Bf5 20. Rf2 b6 21.
Be2 Kg7 22. Re1 Bg6 23. c3 Re8 24. Nb4 Be4 25. Bb5 Rf8 26. Nxd5 Bxd5 27. Rxe7+
Rf7 28. Rxf7+ Kxf7 29. b3 Rc8 30. c4 Bb7 31. d5 Rd8 32. Rd2 Ke7 33. b4 Kd6 34.
Re2 Bc8 35. Rc2 Ke5 36. Rd2 f5 37. Kf2 Rd6 38. Bc6 Rh6 39. Kf3 Kd6 40. Rc2 Ba6
41. c5+ bxc5 42. bxc5+ Kc7 43. Ba4 Bb7 44. Rd2 Ra6 45. Bb3 Ra5 46. Rc2 Ra3 47.
Kf2 h5 48. d6+ Kd7 49. Rd2 Ra5 50. Be6+ Kd8 51. Rb2 Ke8 52. Rxb7 Kf8 53. Rf7+
Kg8 54. Rxa7+ Kf8 55. Rxa5 f4 56. Ra7 fxg3+ 1-0

[Event "DEM U14 2017"]
[Site "Willingen GER"]
[Date "2017.06.10"]
[Round "9"]
[White "Kotyk, Michael"]
[Black "Lohr, Maximilian"]
[Result "0-1"]
[Termination "normal"]
[Board "17"]
[WhiteElo "1927"]
[BlackElo "1767"]
[PlyCount "60"]
[WhiteFideId "16214501"]
[BlackFideId "12999717"]
[EventCountry "GER"]
[EventRounds "9"]
[EventType "swiss"]
[EventDate "2017.06.03"]

1. b3 g6 2. Bb2 Nf6 3. g4 h6 4. f4 Bg7 5. g5 hxg5 6. fxg5 Nh5 7. Bxg7 Nxg7 8.
Qc1 e5 9. Nf3 d6 10. Qb2 Nc6 11. d4 Bg4 12. Nbd2 Qe7 13. O-O-O O-O-O 14. d5 Nb8
15. e4 Nh5 16. Rg1 Bxf3 17. Nxf3 Nf4 18. h4 f5 19. gxf6 Qxf6 20. Qa3 a6 21. b4
Rdf8 22. Rg5 Rxh4 23. b5 axb5 24. Rxe5 Rg4 25. Bxb5 dxe5 26. Nxe5 Rg5 27. Nc6
Qa1+ 28. Kd2 Rg2+ 29. Ke1 Rg1+ 30. Kf2 Nh3+ 0-1

[Event "DEM U14 2017"]
[Site "Willingen GER"]
[Date "2017.06.10"]
[Round "9"]
[White "Meric, Geoffrey"]
[Black "Gutkin, Ilya"]
[Result "1/2-1/2"]
[Termination "normal"]
[Board "18"]
[WhiteElo "1879"]
[BlackElo "1860"]
[PlyCount "122"]
[WhiteFideId "26092891"]
[BlackFideId "16203470"]
[EventCountry "GER"]
[EventRounds "9"]
[EventType "swiss"]
[EventDate "2017.06.03"]

1. e4 e6 2. d4 d5 3. Nc3 Bb4 4. e5 c5 5. a3 Bxc3+ 6. bxc3 Qc7 7. Nf3 Nc6 8. h4
Nge7 9. h5 h6 10. Bd2 Bd7 11. g3 Rc8 12. Bd3 cxd4 13. cxd4 Na5 14. O-O Nc4 15.
Bc1 Qa5 16. Rb1 b5 17. Nd2 Nc6 18. Nb3 Qb6 19. Qg4 Kf8 20. c3 N6a5 21. Na1 Qc7
22. f4 f5 23. exf6 gxf6 24. Qg6 Ke7 25. Qg7+ Kd6 26. Qxf6 Rcf8 27. Qh4 Kc6 28.
a4 bxa4 29. Nc2 Nb3 30. Bxc4 dxc4 31. Qh1+ Kb6 32. Be3 Ka5 33. Nb4 Rhg8 34. Qf3
Rf7 35. Rbd1 Rfg7 36. Bf2 Kb5 37. Rfe1 a3 38. Re5+ Ka4 39. d5 a5 40. Nc2 exd5
41. Nd4 Nxd4 42. Rxd4 Qb7 43. Rexd5 Qb1+ 44. Rd1 Bg4 45. Qxg4 Rxg4 46. Rxb1
Rxg3+ 47. Bxg3 Rxg3+ 48. Kf2 Rxc3 49. Rd2 Rb3 50. Ra1 c3 51. Rd4+ Rb4 52. Ke3
Kb3 53. f5 Kb2 54. Rf1 c2 55. Rd2 a2 56. f6 Rb8 57. f7 Rf8 58. Kd3 Rd8+ 59. Ke2
Rf8 60. Kd3 Rd8+ 61. Ke2 Rf8 1/2-1/2

[Event "DEM U14 2017"]
[Site "Willingen GER"]
[Date "2017.06.10"]
[Round "9"]
[White "Fidlin, Simon"]
[Black "Liebold, Aaron"]
[Result "0-1"]
[Termination "normal"]
[Board "19"]
[WhiteElo "1841"]
[BlackElo "1746"]
[PlyCount "66"]
[WhiteFideId "16217535"]
[BlackFideId "12997846"]
[EventCountry "GER"]
[EventRounds "9"]
[EventType "swiss"]
[EventDate "2017.06.03"]

1. e4 c5 2. Nf3 d6 3. d4 cxd4 4. Nxd4 Nf6 5. Nc3 a6 6. Be3 Qc7 7. Be2 e6 8. Qd2
Be7 9. O-O-O b5 10. Bf3 Bb7 11. a3 Nbd7 12. Rhe1 Ne5 13. Kb1 Nc4 14. Qd3 Nd7
15. Bd2 Nde5 16. Qe2 Rc8 17. Bh5 g6 18. Bg4 Bf6 19. Bh3 Nxb2 20. Ncxb5 axb5 21.
Qxb5+ Nc6 22. Ba5 Nxd1 23. Bxc7 Nc3+ 24. Kc1 Nxb5 25. Nxb5 Rxc7 26. Nxc7+ Kd7
27. Nb5 Ba6 28. c4 Bxb5 29. cxb5 Nd4 30. a4 Ra8 31. Kd2 Rxa4 32. Rb1 Ra5 33. b6
Rb5 0-1

[Event "DEM U14 2017"]
[Site "Willingen GER"]
[Date "2017.06.10"]
[Round "9"]
[White "Mühlpfordt, Thomas"]
[Black "Paeslack, Luis"]
[Result "1-0"]
[Termination "normal"]
[Board "20"]
[WhiteElo "1813"]
[BlackElo "1856"]
[PlyCount "67"]
[WhiteFideId "12986623"]
[BlackFideId "12987760"]
[EventCountry "GER"]
[EventRounds "9"]
[EventType "swiss"]
[EventDate "2017.06.03"]

1. e4 c5 2. Nf3 d6 3. d4 cxd4 4. Nxd4 Nf6 5. Nc3 g6 6. Be3 Bg7 7. f3 Nc6 8. Bc4
Bd7 9. Qd2 Ne5 10. Bb3 O-O 11. O-O-O Qa5 12. Kb1 Rfc8 13. h4 Nc4 14. Bxc4 Rxc4
15. Nb3 Qa6 16. Bd4 Rac8 17. h5 Nxh5 18. Bxg7 Kxg7 19. g4 Nf6 20. Qh6+ Kg8 21.
e5 dxe5 22. Rxd7 Qc6 23. Rd3 Rf4 24. Nd2 b5 25. Rc1 a5 26. Ne2 Ra4 27. Rc3 Qd7
28. Rxc8+ Qxc8 29. b3 Ra3 30. Kb2 b4 31. Nc4 Qc5 32. Qe3 Qb5 33. Nxa3 bxa3+ 34.
Kxa3 1-0

[Event "DEM U14 2017"]
[Site "Willingen GER"]
[Date "2017.06.10"]
[Round "9"]
[White "Tham, Minh"]
[Black "Fromm, Marius"]
[Result "0-1"]
[Termination "normal"]
[Board "21"]
[WhiteElo "1895"]
[BlackElo "1750"]
[PlyCount "88"]
[WhiteFideId "12997323"]
[BlackFideId "12993190"]
[EventCountry "GER"]
[EventRounds "9"]
[EventType "swiss"]
[EventDate "2017.06.03"]

1. e4 e6 2. d4 d5 3. Nc3 Nf6 4. e5 Nfd7 5. f4 c5 6. Nf3 Nc6 7. Be3 cxd4 8. Bxd4
Nxd4 9. Nxd4 Bc5 10. Na4 Be7 11. Be2 O-O 12. O-O a6 13. a3 Qc7 14. Kh1 b5 15.
Nc3 Bb7 16. Rf3 Nc5 17. Rh3 Ne4 18. Nxe4 dxe4 19. b4 Rac8 20. Bg4 Rfd8 21. c3
g6 22. Qd2 Bd5 23. Qe3 Ra8 24. f5 Qxe5 25. fxe6 f5 26. Be2 f4 27. Qf2 Rf8 28.
Re1 e3 29. Qf1 Rac8 30. Rc1 Bxe6 31. Nxe6 Qxe6 32. c4 Qf5 33. Bd3 Qe5 34. cxb5
axb5 35. Rf3 Rxc1 36. Qxc1 Rd8 37. Qf1 Rxd3 38. Qxd3 e2 39. Rf1 exf1=R+ 40.
Qxf1 Bd6 41. Kg1 Qe3+ 42. Kh1 Qxa3 43. Qe1 Be5 44. Qd1 Qa1 0-1

[Event "DEM U14 2017"]
[Site "Willingen GER"]
[Date "2017.06.10"]
[Round "9"]
[White "Waffenschmidt, Lars"]
[Black "Popist, Florian"]
[Result "1/2-1/2"]
[Termination "normal"]
[Board "22"]
[WhiteElo "1810"]
[BlackElo "1820"]
[PlyCount "69"]
[WhiteFideId "16244656"]
[BlackFideId "16203518"]
[EventCountry "GER"]
[EventRounds "9"]
[EventType "swiss"]
[EventDate "2017.06.03"]

1. e4 c5 2. c3 Nf6 3. e5 Nd5 4. d4 cxd4 5. Nf3 Nc6 6. cxd4 d6 7. Bc4 Nb6 8. Bb3
Bg4 9. Bxf7+ Kd7 10. exd6 exd6 11. Be3 Qf6 12. Bb3 Bxf3 13. gxf3 Re8 14. d5 Ne5
15. f4 Ng6 16. Ba4+ Nxa4 17. Qxa4+ Ke7 18. Nc3 Kf7 19. O-O-O b5 20. Qxa7+ Be7
21. Qd4 Rc8 22. Kb1 Rc5 23. Qxf6+ Bxf6 24. Nxb5 Ke7 25. Rhe1 Kd7 26. Bd4 Rf8
27. Bxf6 Rxf6 28. Rc1 Rxc1+ 29. Rxc1 Nxf4 30. Rc7+ Kd8 31. Rxg7 Nxd5 32. Rxh7
Rxf2 33. a3 Re2 34. Nxd6 Nc3+ 35. Kc1 1/2-1/2

[Event "DEM U14 2017"]
[Site "Willingen GER"]
[Date "2017.06.10"]
[Round "9"]
[White "Jeschke, Jan"]
[Black "Buller, Ian Joshua"]
[Result "0-1"]
[Termination "normal"]
[Board "23"]
[WhiteElo "1284"]
[BlackElo "1646"]
[PlyCount "104"]
[WhiteFideId "16225430"]
[BlackFideId "12990655"]
[EventCountry "GER"]
[EventRounds "9"]
[EventType "swiss"]
[EventDate "2017.06.03"]

1. e4 c5 2. Nc3 a6 3. f4 b5 4. Nf3 Bb7 5. d3 e6 6. e5 d5 7. Be2 Nc6 8. O-O Nge7
9. Qe1 Nf5 10. Bd2 Qd7 11. Kh1 Be7 12. Nd1 Ncd4 13. c3 Nc2 14. Qf2 Nxa1 15. g4
Nh6 16. d4 c4 17. Ne3 O-O-O 18. Rxa1 Rdf8 19. b3 f5 20. g5 Ng8 21. a4 Bd8 22.
axb5 axb5 23. bxc4 dxc4 24. Qe1 Ne7 25. Ra2 Bb6 26. Qb1 Be4 27. Qb4 Qb7 28. Kg2
Bc6 29. Qd6 Qd7 30. Ra6 Kb7 31. Qa3 Ra8 32. Rxa8 Rxa8 33. Qb2 Nd5 34. Kf2 Nxe3
35. Bxe3 Kc7 36. Ne1 Be4 37. Nc2 Bxc2 38. Qxc2 Qe7 39. Qb1 Ra5 40. Kg3 Qa3 41.
Qc2 Qa2 42. Qd1 Qa1 43. Qxa1 Rxa1 44. Kf2 Ra3 45. Bd2 Ba5 46. Bh5 g6 47. Bf3
Bxc3 48. Bxc3 Rxc3 49. d5 exd5 50. Bxd5 b4 51. Ke2 b3 52. Kd2 Rd3+ 0-1